000 00717cab a2200205 4500
001 ABS42991
008 090401t1990 xxu||||| |||| 00| 0 eng d
035 _a(Sirsi) u39834
041 _aeng
100 _aMorris, H.
245 _aUK - flood risk area
260 _c1990
350 _a0
490 _aSurveyor
_v173(5091) 31 May 1990, 19-20(2)
520 _aConsiders the increasing risks of flooding in Britain due to increased urban development , often on flood plains because of lack of suitable land, with the likelihood of heavier rain due to climate change . Suggests ways in which planners can minimise risks.
650 _aGREENHOUSE EFFECT
690 _aWATER
942 _n0
948 _c04/03/1997
999 _c25497
_d25497